00319nam a2200109Ia 4500008004100000082000800041100001800049245002200067942000600089952009900095999001500194240331s9999 xx 000 0 und d bAPP aAppadourai, A 0aMudhal silambakam cL 001040708LaWERCLbWERCLcSSCd2024-03-31l0o 894.811 APPp1990r2024-03-31w2024-03-31yL c3806d3806